00353 2200133 4500245005400000250001100054100002100065700002500086005001900111260005700130041001400187084000900201336000900210 aPop-Up Hewan di IndonesiacAnies ListyowatihText acet. 1 aAnies Listyowati aYussy Kirana Safitri a20240926125609 aJakartabKementerian Pendidikan dan Kebudayaanc2018 aIndonesia aNONE atext